000 01172nam a22003257a 4500
005 20260203144512.0
008 260203b |||||||| |||| 00| 0 eng d
020 _a978-1-78635-059-6
050 _aHD42
_b.M36 2016
245 _aManaging and Resolving Workplace Conflict
250 _aFirst edition
260 _a Bingley, UK
_bEmerald Group Publishing Limited
_c2016
300 _aix, 246 p.;
_c24 cm.
440 _aAdvances in Industrial and Labor Relations Volume 22
650 _aConflict management
650 _aConflict resolution
650 _aWorkplace conflict
650 _aIndustrial relations
650 _aOrganizational behavior
650 _aInterpersonal relations in the workplace
650 _aHuman resource management
_xEmployee relations
650 _aMediation in employment disputes
650 _aCommunication in organizations
650 _aLeadership and conflict resolution
700 _aLipsky, David B.
_eEditor
700 _aAvgar, Ariel C.
_eEditor
700 _aLamare, J. Ryan
_eEditor
856 _uhttps://www.emerald.com/books/edited-volume/13499/Managing-and-Resolving-Workplace-Conflict
942 _2lcc
_cEBKS
999 _c60128
_d60128